000
00230nam a22000857a 4500
008
160712b xxu||||| |||| 00| 0 eng d
100
_9
2685
_a
Stewart, M
245
_a
Henry & Voula an off Beat Love Story
260
_a
Aus
_b
Penguin
_c
1989
999
_c
2335
_d
2335